[Event "GER-chT U20"]
[Site "Braunschweig"]
[Date "2019.12.29"]
[Round "5.3"]
[White "Kracht, Raphael"]
[Black "Wegmer, Leon"]
[Result "1/2-1/2"]
[WhiteElo "2031"]
[BlackElo "1939"]
[PlyCount "111"]
[EventDate "2019.12.27"]
[EventType "team-swiss"]
[EventRounds "7"]
[EventCountry "GER"]
[SourceTitle "CBM 194 Extra"]
[Source "ChessBase"]
[SourceDate "2020.03.31"]
[SourceVersion "1"]
[SourceVersionDate "2020.03.31"]
[SourceQuality "1"]
[WhiteTeam "Brackel"]
[BlackTeam "Karlsruhe SF"]
[WhiteTeamCountry "GER"]
[BlackTeamCountry "GER"]

1. e4 c6 2. d4 d5 3. e5 Bf5 4. Nf3 e6 5. Be2 Ne7 6. 0-0 c5 7. Be3 Nec6 8. Nbd2 Nd7 9. c4 cxd4 10. Nxd4 Nxd4 11. Bxd4 Bc5 12. Nb3 Bxd4 13. Nxd4 dxc4 14. Nxf5 exf5 15. Bxc4 0-0 16. e6 Ne5 17. exf7+ Nxf7 18. Qf3 Qf6 19. Qxb7 Rfb8 20. Qf3 Rc8 21. b3 Kh8 22. Bxf7 Qxf7 23. Rac1 g6 24. h3 Kg8 25. Rfd1 a5 26. Rc6 Rxc6 27. Qxc6 Ra7 28. Rd8+ Kg7 29. Qc3+ Kh6 30. Qd2+ Kg7 31. Qd4+ Kh6 32. Qf4+ Kg7 33. Qe5+ Kh6 34. g3 Qe7 35. Qxe7 Rxe7 36. Ra8 Re5 37. Ra7 g5 38. Kg2 Rc5 39. Kf3 Rc3+ 40. Kg2 Rc5 41. a4 Kg6 42. Rb7 Rc3 43. Kf1 f4 44. gxf4 gxf4 45. Kg2 h6 46. Rb5 Rd3 47. Kf1 Rxh3 48. Rxa5 Rxb3 49. Kg2 Ra3 50. Ra8 Kg7 51. a5 Kh7 52. a6 Kg7 53. a7 Kh7 54. f3 h5 55. Kh2 Kg7 56. Kg2 1/2-1/2

[Event "GER-chT U20"]
[Site "Braunschweig"]
[Date "2019.12.27"]
[Round "1.7"]
[White "Wegmer, Leon"]
[Black "Kaiser, Frederic"]
[Result "1/2-1/2"]
[WhiteElo "1939"]
[BlackElo "1901"]
[PlyCount "85"]
[EventDate "2019.12.27"]
[EventType "team-swiss"]
[EventRounds "7"]
[EventCountry "GER"]
[SourceTitle "CBM 194 Extra"]
[Source "ChessBase"]
[SourceDate "2020.03.31"]
[SourceVersion "1"]
[SourceVersionDate "2020.03.31"]
[SourceQuality "1"]
[WhiteTeam "Karlsruhe SF"]
[BlackTeam "Bensheim"]
[WhiteTeamCountry "GER"]
[BlackTeamCountry "GER"]

1. e4 e6 2. d4 d5 3. Nd2 Be7 4. c3 c5 5. exd5 Qxd5 6. Ngf3 Nf6 7. Bc4 Qd8 8. 0-0 0-0 9. Nb3 Nbd7 10. Qc2 Qc7 11. dxc5 Nxc5 12. Be3 b6 13. Bd4 Nxb3 14. axb3 Bb7 15. Be5 Qc5 16. Bd4 Qh5 17. Be2 Bd6 18. Ne5 Qg5 19. Bf3 Bxf3 20. Nxf3 Qf4 21. Ra4 Qh6 22. Rfa1 Bc5 23. Bxc5 bxc5 24. Rxa7 Rac8 25. R7a4 Nd7 26. Qd2 Qxd2 27. Nxd2 Ne5 28. Nc4 Nd3 29. Kf1 Rb8 30. Ke2 Rfd8 31. g3 e5 32. Rd1 e4 33. Na5 Re8 34. Rd2 f5 35. Ke3 g5 36. f4 g4 37. Ra3 Re6 38. Nc4 Kg7 39. Ra7+ Kg6 40. Ne5+ Nxe5 41. fxe5 Rbb6 42. Kf4 e3 43. Rd8 1/2-1/2

[Event "GER-chT U16"]
[Site "Walldorf"]
[Date "2017.12.29"]
[Round "5.3"]
[White "Engel, Robert"]
[Black "Wegmer, Leon"]
[Result "1-0"]
[WhiteElo "1969"]
[BlackElo "1744"]
[PlyCount "37"]
[EventDate "2017.12.26"]
[EventType "team-swiss"]
[EventRounds "7"]
[EventCountry "GER"]
[SourceTitle "CBM 182 Extra"]
[Source "ChessBase"]
[SourceDate "2018.02.23"]
[SourceVersion "1"]
[SourceVersionDate "2018.02.23"]
[SourceQuality "1"]
[WhiteTeam "Hamburger SK"]
[BlackTeam "Karlsruhe SF"]
[WhiteTeamCountry "GER"]
[BlackTeamCountry "GER"]

1. e4 c5 2. Nf3 e6 3. d4 cxd4 4. Nxd4 a6 5. Bd3 Bc5 6. Nb3 Ba7 7. 0-0 Nc6 8. Qg4 Nf6 9. Qxg7 Rg8 10. Qh6 Ne5 11. Be2 Rg6 12. Qh4 d5 13. Bg5 h6 14. Bxf6 Rxf6 15. Nc3 d4 16. Rad1 Ng6 17. Qxh6 Qb6 18. Rxd4 e5 19. Nd5 1-0

[Event "GER-chT U16"]
[Site "Neumarkt in der Oberpfalz"]
[Date "2016.12.29"]
[Round "5.3"]
[White "Nicklaus, Timm"]
[Black "Wegmer, Leon"]
[Result "0-1"]
[WhiteElo "1657"]
[BlackElo "1605"]
[PlyCount "68"]
[EventDate "2016.12.27"]
[EventType "team-swiss"]
[EventRounds "7"]
[EventCountry "GER"]
[SourceTitle "EXT 2018"]
[Source "ChessBase"]
[SourceDate "2017.10.13"]
[SourceVersion "1"]
[SourceVersionDate "2017.10.13"]
[SourceQuality "1"]
[WhiteTeam "Plauen Koenig"]
[BlackTeam "Karlsruhe SF"]
[WhiteTeamCountry "GER"]
[BlackTeamCountry "GER"]

1. e4 c6 2. d4 d5 3. e5 Bf5 4. Bd3 Bxd3 5. Qxd3 e6 6. Nf3 Nd7 7. 0-0 c5 8. c3 Qb6 9. Nbd2 Ne7 10. Rd1 cxd4 11. cxd4 Rc8 12. Nf1 Nc6 13. a3 Na5 14. b4 Nc4 15. Ne3 Be7 16. Nxc4 Rxc4 17. Be3 0-0 18. Rdc1 Rfc8 19. Ng5 Bxg5 20. Bxg5 Qb5 21. Qg3 Rxc1+ 22. Rxc1 Rxc1+ 23. Bxc1 Qe2 24. h3 Qe1+ 25. Kh2 Qxc1 26. Qd3 Qc4 27. Qe3 Nb6 28. Kg1 Qa6 29. Qg5 Nd7 30. Qe3 h6 31. Qb3 Nb6 32. Qg3 Qc4 33. Qh4 Qc1+ 34. Kh2 Qg5 0-1

[Event "GER-chT U16"]
[Site "Neumarkt in der Oberpfalz"]
[Date "2016.12.29"]
[Round "6.3"]
[White "Wegmer, Leon"]
[Black "Baureis, Julian"]
[Result "1/2-1/2"]
[WhiteElo "1605"]
[BlackElo "1538"]
[PlyCount "69"]
[EventDate "2016.12.27"]
[EventType "team-swiss"]
[EventRounds "7"]
[EventCountry "GER"]
[SourceTitle "EXT 2018"]
[Source "ChessBase"]
[SourceDate "2017.10.13"]
[SourceVersion "1"]
[SourceVersionDate "2017.10.13"]
[SourceQuality "1"]
[WhiteTeam "Karlsruhe SF"]
[BlackTeam "Walldorf"]
[WhiteTeamCountry "GER"]
[BlackTeamCountry "GER"]

1. e4 c5 2. Nf3 Nc6 3. c3 d5 4. exd5 Qxd5 5. d4 Bg4 6. Be2 e6 7. 0-0 Nf6 8. c4 Qd7 9. d5 exd5 10. cxd5 Nxd5 11. Bc4 Rd8 12. Bg5 Be7 13. Re1 0-0 14. Bxe7 Ndxe7 15. Qxd7 Rxd7 16. Nfd2 Nd4 17. Na3 Nec6 18. h3 Be6 19. Rac1 Nb4 20. Bf1 Rc8 21. Ne4 b6 22. Nb5 Nxa2 23. Nxd4 Rxd4 24. Rcd1 Rcd8 25. Rxd4 Rxd4 26. Ng5 Rb4 27. Nxe6 fxe6 28. Ra1 Rxb2 29. Bc4 Nb4 30. Bxe6+ Kf8 31. Rxa7 Re2 32. Bc4 Re7 33. Ra8+ Re8 34. Ra7 Re7 35. Ra8+ 1/2-1/2

[Event "GER-chT U16"]
[Site "Neumarkt in der Oberpfalz"]
[Date "2016.12.27"]
[Round "1.3"]
[White "Yaroshenko, Yaroslav"]
[Black "Wegmer, Leon"]
[Result "1-0"]
[WhiteElo "1631"]
[BlackElo "1605"]
[PlyCount "67"]
[EventDate "2016.12.27"]
[EventType "team-swiss"]
[EventRounds "7"]
[EventCountry "GER"]
[SourceTitle "EXT 2018"]
[Source "ChessBase"]
[SourceDate "2017.10.13"]
[SourceVersion "1"]
[SourceVersionDate "2017.10.13"]
[SourceQuality "1"]
[WhiteTeam "Graefelfing"]
[BlackTeam "Karlsruhe SF"]
[WhiteTeamCountry "GER"]
[BlackTeamCountry "GER"]

1. d4 Nf6 2. c4 e6 3. Nc3 Bb4 4. e3 0-0 5. Bd3 b6 6. Nf3 Bxc3+ 7. bxc3 Bb7 8. 0-0 d6 9. Qe2 Nbd7 10. e4 e5 11. d5 c6 12. Bg5 h6 13. Bd2 Nc5 14. Ne1 Ba6 15. f4 Nxd3 16. Nxd3 Bxc4 17. fxe5 dxe5 18. Rxf6 Qxf6 19. Rf1 Qd6 20. Rf3 f5 21. exf5 e4 22. Rg3 Bxd3 23. Qh5 Rf6 24. Qg4 Qe7 25. Bf4 e3 26. Rxe3 Qc5 27. Kh1 Bxf5 28. Qe2 Bg4 29. Qxg4 Qxe3 30. Bxe3 Re8 31. Bg1 Rf1 32. dxc6 Ree1 33. Qc4+ Kf8 34. Qxf1+ 1-0